Statistiques concernant Meilleurs pays en canoë kayak par Jeux Olympiques

Cliquez ici pour prendre le quiz!

Statistiques générales

  • Ce quiz a été pris 37 fois
  • Le résultat moyen est 48 sur 62

Statistiques - réponses

JeuxPaysNombre de Médailles% Correct
Grande Bretagne4
97%
Canada6
92%
États Unis3
92%
Barcelone 1992Allemagne11
89%
Allemagne7
89%
Atlanta 1996Allemagne9
89%
Athènes 2004Allemagne9
89%
Pékin 2008Allemagne8
89%
Londres 2012Allemagne8
89%
Allemagne7
89%
Rio 2016Allemagne7
89%
Allemagne de l'Ouest3
89%
Allemagne
8
89%
Équipe Unifiée d'Allemagne4
89%
Équipe Unifiée d'Allemagne3
89%
Espagne4
89%
Italie3
89%
Italie5
89%
République Tchèque5
81%
Suède2
78%
Suède2
78%
Suède6
78%
Londres 1948Suède4
78%
Suède4
78%
Roumanie
4
76%
Tokyo 2020Hongrie6
76%
Hongrie6
76%
Hongrie3
76%
Hongrie6
76%
Sydney 2000Hongrie7
76%
Hongrie4
76%
Hongrie4
76%
Hongrie6
76%
Mexico 1968Hongrie6
76%
Hongrie6
76%
Roumanie5
76%
Melbourne 1956Roumanie3
76%
Roumanie4
76%
Slovaquie4
76%
Slovaquie4
76%
Munich 1972Union Soviétique6
76%
Union Soviétique7
76%
Rome 1960Union Soviétique4
76%
Tokyo 1964Union Soviétique4
76%
Union Soviétique6
76%
Union Soviétique6
76%
Montréal 1976Union Soviétique9
76%
Moscou 1980Union Soviétique8
76%
Helsinki 1952Finlande6
70%
Los Angeles 1984Nouvelle Zélande4
70%
Nouvelle Zélande3
70%
Danemark3
65%
Berlin 1936Autriche7
62%
Tchécoslovaquie3
62%
Tchécoslovaquie4
62%
Tchécoslovaquie3
62%
Bulgarie5
59%
Bulgarie3
59%
Allemagne de l'Est6
51%
Séoul 1988Allemagne de l'Est9
51%
Allemagne de l'Est8
51%
Allemagne de l'Est
7
51%

Distribution des résultats

Percentile par nombre de réponses

% des personnes avec chaque résultat

Votre développement - résultats

Vous n’avez pas pris ce quiz